<?xml version="1.0" encoding="UTF-8"?>
<collection xmlns="http://www.loc.gov/MARC21/slim">
 <record>
  <leader>01588nam a22002057a 4500</leader>
  <controlfield tag="001">NCT_54229</controlfield>
  <controlfield tag="008">181025b        xxu||||| |||| 00| 0 vie d</controlfield>
  <datafield tag="999" ind1=" " ind2=" ">
   <subfield code="c">2601</subfield>
   <subfield code="d">2601</subfield>
  </datafield>
  <datafield tag="020" ind1=" " ind2=" ">
   <subfield code="a">9786047747276</subfield>
   <subfield code="c">150000</subfield>
  </datafield>
  <datafield tag="082" ind1="0" ind2="4">
   <subfield code="2">23rd ed.</subfield>
   <subfield code="a">658.8</subfield>
   <subfield code="b">C431H</subfield>
  </datafield>
  <datafield tag="245" ind1="0" ind2="0">
   <subfield code="a">Content hay nói thay nước bọt : </subfield>
   <subfield code="b">&quot; Bí quyết thành công của content creator&quot;</subfield>
   <subfield code="c">MediaZ (biên soạn)</subfield>
  </datafield>
  <datafield tag="250" ind1=" " ind2=" ">
   <subfield code="a">Tái bản</subfield>
  </datafield>
  <datafield tag="260" ind1=" " ind2=" ">
   <subfield code="a">H.</subfield>
   <subfield code="b">Thế giới</subfield>
   <subfield code="c">2018</subfield>
  </datafield>
  <datafield tag="300" ind1=" " ind2=" ">
   <subfield code="a">305 tr.</subfield>
   <subfield code="c">21cm</subfield>
  </datafield>
  <datafield tag="520" ind1="3" ind2=" ">
   <subfield code="a">Sách cung cấp kiến thức nền của thế giới digital content cho đến cách thức sáng tạo content chạm được vào cảm xúc của khách hàng cùng các xu hướng content trong thời đại ngày nay, Content Hay Nói Thay Nước Bọt đem đến các định nghĩa đầy đủ và dễ hiểu, các ví dụ thực tế trực quan, các bài tập thực hành cụ thể nhằm giúp cho người đọc có cái nhìn cơ bản nhất, định hướng rõ hơn về ý tưởng sáng tạo và giúp bạn xây dựng đúng content ngay từ đầu.</subfield>
  </datafield>
  <datafield tag="653" ind1=" " ind2=" ">
   <subfield code="a">Tham khảo</subfield>
  </datafield>
  <datafield tag="942" ind1=" " ind2=" ">
   <subfield code="2">ddc</subfield>
   <subfield code="c">BK</subfield>
  </datafield>
  <datafield tag="952" ind1=" " ind2=" ">
   <subfield code="0">0</subfield>
   <subfield code="1">0</subfield>
   <subfield code="2">ddc</subfield>
   <subfield code="4">0</subfield>
   <subfield code="6">658_800000000000000_C431H</subfield>
   <subfield code="7">0</subfield>
   <subfield code="9">14745</subfield>
   <subfield code="a">000001</subfield>
   <subfield code="b">000001</subfield>
   <subfield code="d">2018-10-25</subfield>
   <subfield code="o">658.8 C431H</subfield>
   <subfield code="p">TK.01144</subfield>
   <subfield code="r">2018-10-25</subfield>
   <subfield code="v">150000.00</subfield>
   <subfield code="w">2018-10-25</subfield>
   <subfield code="y">BK</subfield>
  </datafield>
  <datafield tag="952" ind1=" " ind2=" ">
   <subfield code="0">0</subfield>
   <subfield code="1">0</subfield>
   <subfield code="2">ddc</subfield>
   <subfield code="4">0</subfield>
   <subfield code="6">658_800000000000000_C431H</subfield>
   <subfield code="7">0</subfield>
   <subfield code="9">14746</subfield>
   <subfield code="a">000001</subfield>
   <subfield code="b">000001</subfield>
   <subfield code="d">2018-10-25</subfield>
   <subfield code="o">658.8 C431H</subfield>
   <subfield code="p">TK.01145</subfield>
   <subfield code="r">2018-10-25</subfield>
   <subfield code="v">150000.00</subfield>
   <subfield code="w">2018-10-25</subfield>
   <subfield code="y">BK</subfield>
  </datafield>
  <datafield tag="980" ind1=" " ind2=" ">
   <subfield code="a">Thư viện Trường Đại học Nam Cần Thơ</subfield>
  </datafield>
 </record>
</collection>
